| 000 | 00434 a2200169 4500 | ||
|---|---|---|---|
| 001 | 82406 | ||
| 020 | _a9788131754269 | ||
| 082 | _a658.3 DES | ||
| 090 |
_c39940 _d39940 |
||
| 100 | _aGray Dessler ;Biju Varkkey | ||
| 245 |
_aHuman Resource Management 12th/ed _bManagement |
||
| 250 | _a12th | ||
| 260 |
_aNew Delhi _bPearson _c2011 |
||
| 300 |
_axxv736p. _bPhotostate |
||
| 500 | _aDOS BS Textbooks | ||
| 505 | _aGifted Books | ||
| 942 |
_aCAENUST _cBS _k658.3 DES |
||
| 999 |
_c317479 _d317479 |
||